CMI : revista del Club 'La Masia' / revista del Club 'La Masia' /
Descripción Física:
il·lustracions ; 29 cm
Idioma:
Español
MARC
| LEADER | 00000nas a2200000 a 4500 | ||
|---|---|---|---|
| 001 | 29037 | ||
| 003 | AGDB | ||
| 005 | 20260324175804.0 | ||
| 008 | 160829s2001 xx 000 0 cat d | ||
| 041 | |a spa | ||
| 080 | |a Revistes | ||
| 110 | 1 | |a Club Recreatiu-Cultural La Masia |9 72768 | |
| 245 | |a CMI : |b revista del Club 'La Masia' / |c coordina: Club 'La Masia' | ||
| 260 | |a [Santa Coloma de Gramenet] : |b C. A. Torribera, |c 2001 | ||
| 300 | |a il·lustracions ; |c 29 cm | ||
| 590 | |a Periodicitat desconeguda. | ||
| 590 | |a Descripció basada en: Núm.3 (jul. 2001). | ||
| 590 | |a Núm. de full registral: 4766 | ||
| 650 | |a Recinte Torribera (Santa Coloma de Gramenet) |x Revistes |9 41380 | ||
| 866 | |a 2001 (3) | ||
| 901 | |a Arxiu | ||
| 942 | |n 1 |2 udc |c ARXIU | ||
| 952 | |0 0 |1 0 |2 udc |4 0 |6 REV2401 |7 1 |9 50182 |a Arxiu |b Arxiu |d 2016-12-01 |h Núm. 3 (2001) |l 0 |o Rev-2401 |p 29037 |r 2016-12-01 00:00:00 |w 2016-12-01 |y ARXIU | ||
| 999 | |c 54024 |d 54024 | ||